[Event "LSS SA-2022-0-00797"]
[Site "LSS email"]
[Date "2022.05.02"]
[Round "?"]
[White "Mathes, Christian"]
[Black "Csaba, Fodor"]
[Result "1/2-1/2"]
[WhiteElo "2079"]
[BlackElo "2062"]
[PlyCount "94"]
[EventDate "2022.03.15"]
[EventType "tourn (corr)"]
[EventRounds "6"]
[EventCountry "GER"]
[SourceTitle "Corr 2024"]
[Source "ChessBase"]
[SourceDate "2023.10.19"]
[SourceVersion "1"]
[SourceVersionDate "2023.10.19"]
[SourceQuality "1"]

1. e4 e5 2. Nf3 Nc6 3. Bb5 a6 4. Ba4 Nf6 5. 0-0 Nxe4 6. d4 b5 7. Bb3 d5 8. dxe5 Be6 9. Nbd2 Nc5 10. c3 Be7 11. Bc2 d4 12. Nb3 d3 13. Bb1 Nxb3 14. axb3 Bf5 15. Be3 0-0 16. Bd4 Qd5 17. Re1 Rfd8 18. h4 d2 19. Qxd2 Bxb1 20. Raxb1 Qxb3 21. e6 fxe6 22. Qf4 e5 23. Nxe5 Bd6 24. Qe4 Nxe5 25. Bxe5 Bxe5 26. Qxe5 Qf7 27. Rbd1 Rxd1 28. Rxd1 Re8 29. Qc5 h6 30. g3 Kh7 31. Qd5 Qxd5 32. Rxd5 c6 33. Rd6 Re1+ 34. Kg2 a5 35. Rxc6 Rb1 36. Ra6 a4 37. c4 bxc4 38. Rxa4 Rxb2 39. Rxc4 h5 40. Rc5 Kh6 41. Rg5 g6 42. Rd5 Ra2 43. Rd6 Kg7 44. Rd7+ Kf6 45. Rd6+ Kg7 46. Rd7+ Kh6 47. Rd6 Kg7 1/2-1/2

[Event "LSS SA-2022-0-00797"]
[Site "LSS email"]
[Date "2022.05.02"]
[Round "?"]
[White "Oliger, Mark"]
[Black "Mathes, Christian"]
[Result "1/2-1/2"]
[WhiteElo "2064"]
[BlackElo "2079"]
[PlyCount "87"]
[EventDate "2022.03.15"]
[EventType "tourn (corr)"]
[EventRounds "6"]
[EventCountry "GER"]
[SourceTitle "Corr 2024"]
[Source "ChessBase"]
[SourceDate "2023.10.19"]
[SourceVersion "1"]
[SourceVersionDate "2023.10.19"]
[SourceQuality "1"]

1. e4 c5 2. Nf3 Nc6 3. Bb5 g6 4. c3 Nf6 5. Qe2 Bg7 6. d4 cxd4 7. cxd4 d5 8. e5 Ne4 9. 0-0 0-0 10. h3 Qb6 11. Be3 Bd7 12. a4 a6 13. Bd3 f5 14. exf6 Nxf6 15. Nc3 Qb4 16. Rfc1 Kh8 17. Qd1 Qd6 18. a5 Rad8 19. Qb3 Qb8 20. Ne2 Nh5 21. Qb6 Rf6 22. Bg5 Rd6 23. Qb3 Rf8 24. Bb1 Re6 25. Be3 Rd6 26. Bg5 Re6 27. Be3 Rd6 28. Nh2 Qd8 29. Qa3 Qe8 30. Rf1 Rdf6 31. Ba2 Rd6 32. Bd2 Nd8 33. Bb4 Bb5 34. Rfe1 Re6 35. Ng3 Nf4 36. Nf3 Nc6 37. Rxe6 Nxe6 38. Bxd5 Nexd4 39. Nxd4 Nxd4 40. Rc1 Bc6 41. Bc4 Qd7 42. Bxe7 Re8 43. Bc5 Qc7 44. Bd6 1/2-1/2

[Event "SB-2022-0-00628"]
[Site "LSS email"]
[Date "2022.01.05"]
[Round "?"]
[White "D'Emilia, Jack"]
[Black "Mathes, Christian"]
[Result "1/2-1/2"]
[WhiteElo "1909"]
[BlackElo "1885"]
[PlyCount "65"]
[EventDate "2021.11.21"]
[EventType "tourn (corr)"]
[EventRounds "6"]
[EventCountry "GER"]
[SourceTitle "Corr 2024"]
[Source "ChessBase"]
[SourceDate "2023.10.19"]
[SourceVersion "1"]
[SourceVersionDate "2023.10.19"]
[SourceQuality "1"]

1. e4 c5 2. Nf3 Nc6 3. Bb5 g6 4. 0-0 Bg7 5. Bxc6 bxc6 6. Re1 Qc7 7. c3 d6 8. d4 cxd4 9. cxd4 Nf6 10. Nc3 0-0 11. h3 c5 12. e5 dxe5 13. dxe5 Rd8 14. Qa4 Nh5 15. Bg5 Bb7 16. Ne4 c4 17. Rac1 Bd5 18. Rcd1 h6 19. Bd2 Qb7 20. Qc2 Rac8 21. g4 f5 22. exf6 Nxf6 23. Nxf6+ exf6 24. Nh4 f5 25. Bc3 Be4 26. Rxd8+ Rxd8 27. Qa4 Qf7 28. Bxg7 Kxg7 29. gxf5 gxf5 30. f3 Bd3 31. Kh1 Kh7 32. Qc6 f4 33. Re6 1/2-1/2

[Event "SB-2021-0-00628"]
[Site "LSS email"]
[Date "2021.12.31"]
[Round "?"]
[White "Knoeppel, Bjoern"]
[Black "Mathes, Christian"]
[Result "1/2-1/2"]
[WhiteElo "1920"]
[BlackElo "1885"]
[PlyCount "81"]
[EventDate "2021.11.21"]
[EventType "tourn (corr)"]
[EventRounds "6"]
[EventCountry "GER"]
[SourceTitle "Corr 2024"]
[Source "ChessBase"]
[SourceDate "2023.10.19"]
[SourceVersion "1"]
[SourceVersionDate "2023.10.19"]
[SourceQuality "1"]

1. d4 f5 2. Nf3 Nf6 3. Bf4 g6 4. c4 Bg7 5. Nc3 d6 6. e3 0-0 7. Be2 Ne4 8. Nxe4 fxe4 9. Nd2 Bxd4 10. exd4 Rxf4 11. g3 Rf7 12. Nxe4 e5 13. dxe5 Qe7 14. 0-0 dxe5 15. Bf3 Nc6 16. Bg2 Nd4 17. f4 Bf5 18. Ng5 Rff8 19. Re1 Qc5 20. b4 Qb6 21. Kh1 h6 22. Ne4 Rad8 23. fxe5 Qxb4 24. Qc1 Kg7 25. Rb1 Qa5 26. Rxb7 Rf7 27. Qc3 Qxc3 28. Nxc3 Nc2 29. Rd1 Rxd1+ 30. Nxd1 Bg4 31. Nc3 Ne1 32. Nd5 Rf2 33. Rxc7+ Kf8 34. e6 Bxe6 35. Nf4 Bf7 36. Kg1 Rxa2 37. Bd5 Bxd5 38. Nxg6+ Ke8 39. cxd5 Nf3+ 40. Kf1 Nxh2+ 41. Ke1 1/2-1/2

[Event "SB-2021-0-00614"]
[Site "LSS email"]
[Date "2021.05.17"]
[Round "?"]
[White "Mathes, Christian"]
[Black "Do Amaral, Rogerio"]
[Result "1-0"]
[WhiteElo "1846"]
[BlackElo "1876"]
[PlyCount "61"]
[EventDate "2021.02.28"]
[EventType "tourn (corr)"]
[EventRounds "6"]
[EventCountry "GER"]
[SourceTitle "Corr 2024"]
[Source "ChessBase"]
[SourceDate "2023.10.19"]
[SourceVersion "1"]
[SourceVersionDate "2023.10.19"]
[SourceQuality "1"]

1. e4 c6 2. d4 d5 3. e5 Bf5 4. Nf3 e6 5. Be2 Nd7 6. 0-0 Ne7 7. c3 h6 8. Nbd2 g5 9. Re1 Bg6 10. h3 c5 11. Nb3 cxd4 12. cxd4 Nc6 13. Bd2 a5 14. a4 Be7 15. Bb5 Kf8 16. Re3 Kg7 17. Rc1 Ndb8 18. Nh2 Nb4 19. f4 N8c6 20. fxg5 hxg5 21. Rg3 Na7 22. Nf3 Rh5 23. Nc5 Nxb5 24. axb5 b6 25. Nb7 Qd7 26. Nd6 Bxd6 27. exd6 Qxd6 28. Ne5 f6 29. Bf4 Qd8 30. Nxg6 Kxg6 31. Rc7 1-0

[Event "SA-2020-0-00712"]
[Site "LSS email"]
[Date "2020.01.13"]
[Round "?"]
[White "Laine, Jari"]
[Black "Mathes, Christian"]
[Result "1/2-1/2"]
[WhiteElo "2045"]
[BlackElo "1697"]
[PlyCount "87"]
[EventDate "2019.12.12"]
[EventType "tourn (corr)"]
[EventRounds "6"]
[EventCountry "GER"]
[SourceTitle "Corr 2022"]
[Source "ChessBase"]
[SourceDate "2021.10.24"]
[SourceVersion "1"]
[SourceVersionDate "2021.10.24"]
[SourceQuality "1"]

1. e4 c5 2. Nf3 Nc6 3. d4 cxd4 4. Nxd4 Nf6 5. Nc3 e5 6. Ndb5 d6 7. Bg5 a6 8. Na3 b5 9. Nd5 Be7 10. Bxf6 Bxf6 11. c3 0-0 12. Nc2 Bg5 13. a4 bxa4 14. Rxa4 a5 15. Bc4 Bd7 16. 0-0 Nb4 17. Ra3 Nxd5 18. Bxd5 Rb8 19. b4 axb4 20. Nxb4 Qc8 21. Qf3 Kh8 22. Ra7 Bb5 23. Rb1 Bd7 24. Rba1 Bd2 25. R7a3 f5 26. Qd3 Bg5 27. Ra8 fxe4 28. Bxe4 Qc5 29. Qf3 Rxa8 30. Rxa8 Rxa8 31. Bxa8 Qc8 32. Bb7 Qe8 33. g3 Bd8 34. h4 Bb6 35. Nd5 Bd8 36. c4 Be6 37. Qa3 Qd7 38. Qa6 Bxd5 39. Bxd5 g6 40. Bf3 Qe7 41. Bd5 Qd7 42. Qa8 Kg7 43. Kg2 Qc7 44. Qa2 1/2-1/2

[Event "SC-2019-0-00380"]
[Site "LSS email"]
[Date "2019.10.29"]
[Round "?"]
[White "Mathes, Christian"]
[Black "Mueller, Bernd"]
[Result "1-0"]
[WhiteElo "1649"]
[BlackElo "1723"]
[PlyCount "67"]
[EventDate "2019.07.30"]
[EventType "tourn (corr)"]
[EventRounds "6"]
[EventCountry "GER"]
[SourceTitle "Corr 2022"]
[Source "ChessBase"]
[SourceDate "2021.10.24"]
[SourceVersion "1"]
[SourceVersionDate "2021.10.24"]
[SourceQuality "1"]

1. e4 d5 2. exd5 Qxd5 3. Nc3 Qd8 4. d4 Nf6 5. Nf3 e6 6. Bd3 b6 7. Bg5 Bb7 8. Qe2 h6 9. Bxf6 Qxf6 10. Ne4 Qd8 11. 0-0-0 Bd6 12. Bb5+ Kf8 13. Rhf1 Qe7 14. Ne5 Bxe5 15. dxe5 a6 16. Bc4 Nd7 17. f4 b5 18. Bb3 Re8 19. f5 Bxe4 20. fxe6 Qg5+ 21. Kb1 Nc5 22. exf7 Rb8 23. e6 Ke7 24. Qf2 Qe5 25. Rd4 Qf6 26. Qg1 Qe5 27. Rfd1 Nxb3 28. axb3 c5 29. Rd7+ Kxe6 30. Qf2 Rhf8 31. Qh4 Rxf7 32. Qg4+ Rf5 33. Qg6+ Rf6 34. Qxg7 1-0

[Event "SD-2018-0-00290"]
[Site "LSS email"]
[Date "2018.06.20"]
[Round "?"]
[White "Mathes, Christian"]
[Black "Owens, Johnny"]
[Result "1-0"]
[WhiteElo "1356"]
[BlackElo "1416"]
[PlyCount "91"]
[EventDate "2018.03.12"]
[EventType "tourn (corr)"]
[EventRounds "6"]
[EventCountry "GER"]
[SourceTitle "Corr 2022"]
[Source "ChessBase"]
[SourceDate "2021.10.24"]
[SourceVersion "1"]
[SourceVersionDate "2021.10.24"]
[SourceQuality "1"]

1. e4 c5 2. Nc3 Nc6 3. Nf3 g6 4. d4 cxd4 5. Nxd4 Bg7 6. Be3 Nf6 7. Bc4 0-0 8. Bb3 a5 9. 0-0 a4 10. Nxa4 Nxe4 11. Nb5 d6 12. Qe2 Ra6 13. c4 Be6 14. Rad1 Qa5 15. Rfe1 Rc8 16. Bb6 Rxb6 17. Nxb6 Qxb6 18. Qxe4 Ne5 19. Nd4 Bxc4 20. Bxc4 Nxc4 21. b3 Na5 22. Qe3 e6 23. h4 d5 24. h5 Re8 25. Rd3 Rc8 26. h6 Bf8 27. a4 Rc7 28. g3 Rc8 29. Kg2 Rd8 30. Rc3 Qd6 31. Rc2 Qb6 32. Qf4 Qd6 33. Qxd6 Bxd6 34. Rec1 Kf8 35. Rc8 Ke8 36. Nf3 Nc6 37. Rxd8+ Nxd8 38. Ng5 Ba3 39. Rc8 Kd7 40. Ra8 Be7 41. f4 Bxg5 42. fxg5 e5 43. a5 Ne6 44. b4 Kc6 45. Rh8 Nxg5 46. Re8 1-0

[Event "P-5083"]
[Site "IECC email"]
[Date "2018.01.28"]
[Round "?"]
[White "Blittkowsky, Ralf"]
[Black "Mathes, Christian"]
[Result "1/2-1/2"]
[WhiteElo "2075"]
[BlackElo "2160"]
[PlyCount "104"]
[EventDate "2018.??.??"]
[EventType "tourn (corr)"]
[SourceTitle "Corr 2020"]
[Source "ChessBase"]
[SourceDate "2019.09.30"]
[SourceVersion "1"]
[SourceVersionDate "2019.09.30"]
[SourceQuality "1"]
[WhiteTeam "Germany"]
[BlackTeam "Germany"]
[WhiteTeamCountry "GER"]
[BlackTeamCountry "GER"]

1. d4 f5 2. g3 Nf6 3. Bg2 g6 4. Nf3 Bg7 5. b4 0-0 6. Bb2 c6 7. c4 d5 8. Nbd2 Ne4 9. 0-0 a5 10. b5 dxc4 11. bxc6 Nxc6 12. Nxc4 a4 13. d5 Bxb2 14. Nxb2 Nb4 15. Nxa4 Qxd5 16. Nb6 Qxd1 17. Rfxd1 Rxa2 18. Rac1 Be6 19. Nd4 Bf7 20. g4 Nd6 21. gxf5 gxf5 22. Rb1 Nc6 23. Nd5 Re8 24. e3 Nxd4 25. Rxd4 Kf8 26. Nf6 Rc8 27. Nxh7+ Kg7 28. Ng5 Bg8 29. e4 b5 30. e5 Nc4 31. Bd5 Bxd5 32. Rxd5 b4 33. Nf3 Kf7 34. h4 Rb8 35. Rd4 Rc2 36. Rb3 Rb2 37. Rxb2 Nxb2 38. Nd2 Na4 39. Nb3 Nc3 40. Kf1 Rb5 41. Kg2 Ne2 42. Rc4 Ke6 43. h5 Kxe5 44. h6 Rb8 45. Kf3 Nc3 46. Nd4 Kd5 47. Nc6 Rh8 48. Rxb4 Kxc6 49. Rc4+ Kd5 50. Rxc3 Rxh6 51. Kf4 e6 52. Rd3+ Kc5 1/2-1/2

[Event "IECC 2016-4.03"]
[Site "IECC email"]
[Date "2018.01.15"]
[Round "?"]
[White "Daamen, Ferry"]
[Black "Mathes, Christian"]
[Result "1/2-1/2"]
[WhiteElo "2075"]
[BlackElo "2130"]
[PlyCount "69"]
[EventDate "2018.??.??"]
[EventType "tourn (corr)"]
[SourceTitle "Corr 2020"]
[Source "ChessBase"]
[SourceDate "2019.09.30"]
[SourceVersion "1"]
[SourceVersionDate "2019.09.30"]
[SourceQuality "1"]
[WhiteTeam "Netherlands"]
[BlackTeam "Germany"]
[WhiteTeamCountry "NED"]
[BlackTeamCountry "GER"]

1. Nf3 c5 2. c4 Nc6 3. Nc3 e5 4. e3 f5 5. d4 e4 6. d5 exf3 7. dxc6 dxc6 8. Qxd8+ Kxd8 9. gxf3 Nf6 10. b3 Bd6 11. Bb2 Ke7 12. 0-0-0 Be6 13. h4 Rad8 14. Kc2 g6 15. Be2 Rhf8 16. Na4 b6 17. Bc3 f4 18. e4 Bc7 19. Nb2 Rxd1 20. Rxd1 Nd7 21. Nd3 b5 22. Nb2 a6 23. a4 Ne5 24. axb5 axb5 25. cxb5 cxb5 26. Bxb5 Ra8 27. Na4 Rb8 28. Bc4 Nxc4 29. bxc4 Bxc4 30. Nxc5 Bb5 31. h5 Bb6 32. Rd5 Rc8 33. Bb4 Kf7 34. Kd2 Bc6 35. hxg6+ 1/2-1/2

[Event "IECC 2016-4.02"]
[Site "IECC email"]
[Date "2018.01.15"]
[Round "?"]
[White "Mathes, Christian"]
[Black "Brophy, Craig"]
[Result "1-0"]
[WhiteElo "2156"]
[BlackElo "2050"]
[PlyCount "85"]
[EventDate "2018.??.??"]
[EventType "tourn (corr)"]
[SourceTitle "Corr 2020"]
[Source "ChessBase"]
[SourceDate "2019.09.30"]
[SourceVersion "1"]
[SourceVersionDate "2019.09.30"]
[SourceQuality "1"]
[WhiteTeam "Germany"]
[BlackTeam "United States"]
[WhiteTeamCountry "GER"]
[BlackTeamCountry "USA"]

1. e4 d6 2. d4 Nf6 3. Nc3 g6 4. f4 Bg7 5. Bd3 0-0 6. Nf3 Na6 7. 0-0 c5 8. d5 Rb8 9. Kh1 Nc7 10. a4 b6 11. Qe1 a6 12. Qh4 b5 13. axb5 axb5 14. f5 gxf5 15. exf5 c4 16. Be4 b4 17. Ne2 Bb7 18. Bg5 Bxd5 19. Bxd5 Ncxd5 20. Bh6 Qb6 21. Ng3 Kh8 22. Ng5 c3 23. b3 Qb5 24. Rae1 Ra8 25. N3e4 Qe8 26. Bxg7+ Kxg7 27. Rf3 h5 28. Rg3 Kh8 29. Rd3 Kg7 30. Rg3 Kh8 31. Rge3 Rg8 32. Nxd6 exd6 33. Rxe8 Rgxe8 34. Nxf7+ Kg8 35. Nxd6 Rxe1+ 36. Qxe1 Kf8 37. h3 Ra7 38. Nb5 Re7 39. Qg3 Kf7 40. Qg6+ Kf8 41. Nd4 Re4 42. Ne6+ Ke7 43. Nc7 1-0

[Event "OP-2017-0-04486"]
[Site "LSS email"]
[Date "2017.12.03"]
[Round "?"]
[White "Mathes, Christian"]
[Black "Klawitter, Bernd"]
[Result "1-0"]
[WhiteElo "1273"]
[BlackElo "759"]
[PlyCount "53"]
[EventDate "2017.11.27"]
[EventType "tourn (corr)"]
[EventRounds "4"]
[EventCountry "GER"]
[SourceTitle "Corr 2022"]
[Source "ChessBase"]
[SourceDate "2021.10.24"]
[SourceVersion "1"]
[SourceVersionDate "2021.10.24"]
[SourceQuality "1"]

1. e4 c6 2. d4 d5 3. e5 Bf5 4. Nf3 e6 5. Be2 Ne7 6. 0-0 Nd7 7. c3 c5 8. dxc5 Nxc5 9. Be3 Nc6 10. Nd4 Nxd4 11. cxd4 Nd7 12. g4 Bg6 13. f4 h6 14. f5 Bh7 15. Bd3 Qc7 16. Nc3 Be7 17. fxe6 fxe6 18. Bxh7 Rxh7 19. Qd3 Rh8 20. Qg6+ Kd8 21. Qxg7 Rf8 22. Rxf8+ Bxf8 23. Qg8 Qb6 24. Na4 Qb4 25. Nc5 Qxb2 26. Nxe6+ Kc8 27. Rc1+ 1-0

[Event "OP-2017-0-04486"]
[Site "LSS email"]
[Date "2017.12.03"]
[Round "?"]
[White "Ranalli, Emmanuel"]
[Black "Mathes, Christian"]
[Result "0-1"]
[WhiteElo "1210"]
[BlackElo "1273"]
[PlyCount "78"]
[EventDate "2017.11.27"]
[EventType "tourn (corr)"]
[EventRounds "4"]
[EventCountry "GER"]
[SourceTitle "Corr 2022"]
[Source "ChessBase"]
[SourceDate "2021.10.24"]
[SourceVersion "1"]
[SourceVersionDate "2021.10.24"]
[SourceQuality "1"]

1. e4 c5 2. Nf3 Nc6 3. d4 cxd4 4. Nxd4 Nf6 5. Nc3 e5 6. Nf3 Bb4 7. Bc4 0-0 8. 0-0 Bxc3 9. bxc3 Nxe4 10. Re1 Nxc3 11. Qd3 d5 12. Qxc3 dxc4 13. Ba3 Re8 14. Nxe5 Nxe5 15. Rxe5 Rxe5 16. Qxe5 Be6 17. Bb2 Qf8 18. Bc3 h6 19. h4 Re8 20. Qd4 a6 21. a4 b5 22. axb5 axb5 23. Rb1 Rd8 24. Qe5 Rd5 25. Qg3 Bf5 26. Re1 Bg6 27. Qf3 Rf5 28. Qb7 Kh7 29. Re7 Qd8 30. Qd7 Qxd7 31. Rxd7 Rf4 32. Rb7 Rxh4 33. Rxb5 Bxc2 34. f3 Rf4 35. Kf2 Rf5 36. Rb6 Be4 37. Rd6 Bd5 38. Ke3 h5 39. Kd4 Be6 0-1

[Event "OP-2017-0-04466"]
[Site "LSS email"]
[Date "2017.11.02"]
[Round "?"]
[White "Nilsson, Bjoern"]
[Black "Mathes, Christian"]
[Result "0-1"]
[WhiteElo "419"]
[BlackElo "1213"]
[PlyCount "42"]
[EventDate "2017.10.27"]
[EventType "tourn (corr)"]
[EventRounds "4"]
[EventCountry "GER"]
[SourceTitle "Corr 2022"]
[Source "ChessBase"]
[SourceDate "2021.10.24"]
[SourceVersion "1"]
[SourceVersionDate "2021.10.24"]
[SourceQuality "1"]

1. Nf3 c5 2. d3 Nc6 3. Bd2 d5 4. e3 e5 5. h3 Nf6 6. Be2 Bd6 7. b3 Qe7 8. 0-0 e4 9. Nh2 Qe5 10. f4 exf3 11. Bxf3 Ne4 12. dxe4 Qxh2+ 13. Kf2 Bg3+ 14. Ke2 dxe4 15. Bxe4 Bxh3 16. Rh1 Bg4+ 17. Bf3 Bxf3+ 18. Kxf3 Ne5+ 19. Ke4 Qxg2+ 20. Kf5 Qc6 21. Rg1 Qg6# 0-1

[Event "OP-2017-0-04463"]
[Site "LSS email"]
[Date "2017.10.30"]
[Round "?"]
[White "Shim Ng Min, Francis"]
[Black "Mathes, Christian"]
[Result "0-1"]
[WhiteElo "1217"]
[BlackElo "1213"]
[PlyCount "41"]
[EventDate "2017.10.25"]
[EventType "tourn (corr)"]
[EventRounds "4"]
[EventCountry "GER"]
[SourceTitle "Corr 2022"]
[Source "ChessBase"]
[SourceDate "2021.10.24"]
[SourceVersion "1"]
[SourceVersionDate "2021.10.24"]
[SourceQuality "1"]

1. e4 c5 2. Nf3 Nc6 3. d4 cxd4 4. Nxd4 Nf6 5. Nc3 e5 6. Ndb5 d6 7. Bg5 a6 8. Na3 b5 9. Nd5 Be7 10. Nxe7 Nxe7 11. Bxf6 gxf6 12. Qf3 f5 13. exf5 Bxf5 14. Bd3 Be6 15. 0-0 0-0 16. c3 f5 17. Qe2 Ng6 18. Qd2 Nf4 19. f3 Ra7 20. Nc2 Rg7 21. Rf2 0-1

[Event "OP-2017-0-04463"]
[Site "LSS email"]
[Date "2017.10.29"]
[Round "?"]
[White "Mathes, Christian"]
[Black "Dan, Peterjohn"]
[Result "1-0"]
[WhiteElo "1213"]
[BlackElo "1000"]
[PlyCount "55"]
[EventDate "2017.10.25"]
[EventType "tourn (corr)"]
[EventRounds "4"]
[EventCountry "GER"]
[SourceTitle "Corr 2022"]
[Source "ChessBase"]
[SourceDate "2021.10.24"]
[SourceVersion "1"]
[SourceVersionDate "2021.10.24"]
[SourceQuality "1"]

1. e4 e5 2. Nf3 Nc6 3. Bb5 b6 4. 0-0 Nf6 5. Re1 a6 6. Bxc6 dxc6 7. Nxe5 Bb7 8. d4 Qe7 9. Be3 Nxe4 10. Bf4 Nf6 11. Nf3 Ne4 12. Nc3 c5 13. d5 0-0-0 14. Rxe4 Qf6 15. Bg5 Qxc3 16. bxc3 f6 17. Bf4 Bxd5 18. Re8 Rxe8 19. Qxd5 Bd6 20. Bxd6 cxd6 21. Qc6+ Kd8 22. Qxd6+ Kc8 23. Rd1 Rd8 24. Qc6+ Kb8 25. Qxb6+ Kc8 26. Qc6+ Kb8 27. Rb1+ Ka7 28. Qb7# 1-0

[Event "CP-2017-P-00037"]
[Site "LSS email"]
[Date "2017.09.27"]
[Round "?"]
[White "Mathes, Christian"]
[Black "Domanov, Dmitry"]
[Result "1/2-1/2"]
[WhiteElo "1192"]
[BlackElo "2507"]
[PlyCount "89"]
[EventDate "2017.10.01"]
[EventType "tourn (corr)"]
[EventRounds "6"]
[EventCountry "GER"]
[SourceTitle "Corr 2022"]
[Source "ChessBase"]
[SourceDate "2021.10.24"]
[SourceVersion "1"]
[SourceVersionDate "2021.10.24"]
[SourceQuality "1"]

1. e4 c5 2. Nf3 d6 3. d4 cxd4 4. Nxd4 Nf6 5. Nc3 a6 6. Be3 e6 7. f3 b5 8. Qd2 Nbd7 9. a3 Bb7 10. g4 Nb6 11. 0-0-0 Nfd7 12. Kb1 Ne5 13. h4 Rc8 14. Qe1 Qc7 15. Rh3 Nec4 16. Bd2 Nxd2+ 17. Rxd2 Be7 18. f4 0-0 19. f5 Bf6 20. g5 Bxd4 21. Rxd4 Qc5 22. Qf2 e5 23. Rd2 Qxf2 24. Rxf2 Rfd8 25. Kc1 d5 26. exd5 Nxd5 27. Nxd5 Bxd5 28. Rg3 Bb7 29. f6 Rd4 30. h5 Rh4 31. h6 gxh6 32. gxh6+ Kf8 33. Bg2 Bxg2 34. Rfxg2 Ke8 35. Rd3 Kf8 36. Rdg3 Ke8 37. Rd3 Kf8 38. Rd6 e4 39. Rxa6 e3 40. Kd1 Rxh6 41. Ke2 Rg6 42. Rxg6 fxg6 43. c3 h5 44. Kxe3 Kf7 45. Ra5 1/2-1/2

[Event "CP-2017-P-00037"]
[Site "LSS email"]
[Date "2017.09.27"]
[Round "?"]
[White "Mathes, Christian"]
[Black "Krabbenbos, Jan"]
[Result "1-0"]
[WhiteElo "1192"]
[BlackElo "1916"]
[PlyCount "89"]
[EventDate "2017.10.01"]
[EventType "tourn (corr)"]
[EventRounds "6"]
[EventCountry "GER"]
[SourceTitle "Corr 2022"]
[Source "ChessBase"]
[SourceDate "2021.10.24"]
[SourceVersion "1"]
[SourceVersionDate "2021.10.24"]
[SourceQuality "1"]

1. e4 c6 2. d4 d5 3. e5 Bf5 4. Nf3 e6 5. Be2 Nd7 6. 0-0 Bg6 7. Nbd2 Nh6 8. Nb3 Nf5 9. Bd2 Rc8 10. Rc1 Be7 11. g4 Nh6 12. Ne1 0-0 13. f4 c5 14. f5 Nxf5 15. gxf5 Bxf5 16. Nxc5 Nxc5 17. dxc5 Bxc5+ 18. Kh1 Be4+ 19. Bf3 f5 20. Nd3 Bb6 21. Qe2 Re8 22. c3 Qd7 23. Rcd1 Qb5 24. Be1 Qc4 25. Bf2 Bxf2 26. Rxf2 Re7 27. a3 g5 28. Nc1 h6 29. Rd4 Qc6 30. Bxe4 dxe4 31. h4 Qe8 32. hxg5 hxg5 33. Rh2 Qg6 34. Nb3 g4 35. Qd2 Rh7 36. Rd8+ Rxd8 37. Qxd8+ Kg7 38. Qd7+ Kh8 39. Qxh7+ Qxh7 40. Rxh7+ Kxh7 41. Nd4 e3 42. Kg1 f4 43. Nxe6 f3 44. Nd4 b5 45. b3 1-0

[Event "IECC CL1-2017.03 email"]
[Site "IECC email"]
[Date "2017.09.14"]
[Round "?"]
[White "Mathes, Christian"]
[Black "Kamanel Zamora, Juan Felipe"]
[Result "1/2-1/2"]
[WhiteElo "2113"]
[BlackElo "2278"]
[PlyCount "63"]
[EventDate "2017.??.??"]
[EventType "tourn (corr)"]
[EventRounds "4"]
[SourceTitle "Corr 2020"]
[Source "ChessBase"]
[SourceDate "2019.09.30"]
[SourceVersion "1"]
[SourceVersionDate "2019.09.30"]
[SourceQuality "1"]
[WhiteTeam "Germany"]
[BlackTeam "Cuba"]
[WhiteTeamCountry "GER"]
[BlackTeamCountry "CUB"]

1. e4 e6 2. d4 d5 3. Nc3 Nf6 4. e5 Nfd7 5. f4 c5 6. Nf3 Nc6 7. Be3 Be7 8. Qd2 a6 9. Be2 0-0 10. 0-0 b5 11. a3 Qb6 12. Nd1 a5 13. c3 cxd4 14. cxd4 b4 15. a4 Ba6 16. b3 Rfc8 17. Bxa6 Qxa6 18. Nf2 Bd8 19. Rac1 Ne7 20. g4 Rxc1 21. Rxc1 Rc8 22. Rc2 h5 23. h3 Rxc2 24. Qxc2 hxg4 25. hxg4 Qc6 26. Qxc6 Nxc6 27. Nd3 Bb6 28. Kf2 Ne7 29. Ke2 Nb8 30. Nc1 Nbc6 31. Nd3 Kf8 32. Kf2 1/2-1/2

[Event "IECC CL1-2017.03 email"]
[Site "IECC email"]
[Date "2017.09.14"]
[Round "?"]
[White "Polo, Paul Caresse"]
[Black "Mathes, Christian"]
[Result "1/2-1/2"]
[WhiteElo "2008"]
[BlackElo "2116"]
[PlyCount "50"]
[EventDate "2017.??.??"]
[EventType "tourn (corr)"]
[EventRounds "4"]
[SourceTitle "Corr 2020"]
[Source "ChessBase"]
[SourceDate "2019.09.30"]
[SourceVersion "1"]
[SourceVersionDate "2019.09.30"]
[SourceQuality "1"]
[WhiteTeam "France"]
[BlackTeam "Germany"]
[WhiteTeamCountry "FRA"]
[BlackTeamCountry "GER"]

1. Nf3 c5 2. c4 Nc6 3. Nc3 e5 4. e3 f5 5. d4 e4 6. d5 exf3 7. dxc6 dxc6 8. Qxd8+ Kxd8 9. gxf3 Nf6 10. b3 Bd6 11. Bb2 Ke7 12. 0-0-0 Be6 13. Kc2 Rhd8 14. Bd3 Rab8 15. h4 g6 16. e4 fxe4 17. Nxe4 Nxe4 18. Bxe4 Bf4 19. Ba3 Rxd1 20. Rxd1 b6 21. Bxc6 Bf5+ 22. Be4 Rf8 23. Kd3 Rd8+ 24. Ke2 Rxd1 25. Kxd1 Ke6 1/2-1/2

[Event "IECC CL1-2017.03 email"]
[Site "IECC email"]
[Date "2017.09.14"]
[Round "?"]
[White "Wittal, Werner"]
[Black "Mathes, Christian"]
[Result "1/2-1/2"]
[WhiteElo "2105"]
[BlackElo "2131"]
[PlyCount "75"]
[EventDate "2017.??.??"]
[EventType "tourn (corr)"]
[EventRounds "4"]
[SourceTitle "Corr 2020"]
[Source "ChessBase"]
[SourceDate "2019.09.30"]
[SourceVersion "1"]
[SourceVersionDate "2019.09.30"]
[SourceQuality "1"]
[WhiteTeam "Germany"]
[BlackTeam "Germany"]
[WhiteTeamCountry "GER"]
[BlackTeamCountry "GER"]

1. d4 f5 2. Bf4 Nf6 3. e3 g6 4. h4 h6 5. Nc3 d6 6. Qf3 e6 7. 0-0-0 Nc6 8. e4 Qe7 9. exf5 gxf5 10. Bc4 Na5 11. Bb5+ Bd7 12. Bxd7+ Qxd7 13. Be5 Bg7 14. Bxf6 Bxf6 15. g4 0-0-0 16. gxf5 exf5 17. Nd5 Rhf8 18. Ne2 Nc6 19. c3 Ne7 20. Nxe7+ Qxe7 21. Nf4 Qf7 22. d5 Rde8 23. Ne6 Rg8 24. Qe3 Kb8 25. Qxh6 Rh8 26. Qf4 Rh5 27. Rdg1 Reh8 28. Qf3 a6 29. Kb1 f4 30. Rg4 Rxh4 31. Rhxh4 Rxh4 32. Rxf4 Rxf4 33. Qxf4 Qh5 34. Kc1 Qe2 35. Nd4 Qf1+ 36. Kc2 Be5 37. Qe3 Qc4 38. f4 1/2-1/2

[Event "OP-2017-0-04414"]
[Site "LSS email"]
[Date "2017.08.19"]
[Round "?"]
[White "Chura, Michal"]
[Black "Mathes, Christian"]
[Result "0-1"]
[WhiteElo "1270"]
[BlackElo "1098"]
[PlyCount "60"]
[EventDate "2017.08.14"]
[EventType "tourn (corr)"]
[EventRounds "4"]
[EventCountry "GER"]
[SourceTitle "Corr 2022"]
[Source "ChessBase"]
[SourceDate "2021.10.24"]
[SourceVersion "1"]
[SourceVersionDate "2021.10.24"]
[SourceQuality "1"]

1. f4 d5 2. Nf3 Nf6 3. e3 g6 4. b3 Bg7 5. Bb2 0-0 6. Be2 c5 7. 0-0 Nc6 8. Ne5 Qc7 9. Bf3 Ne4 10. d3 Nxe5 11. fxe5 Bxe5 12. Bxe5 Qxe5 13. Nd2 Nc3 14. Qe1 Be6 15. e4 d4 16. Nb1 Nxb1 17. Rxb1 f6 18. Qd2 Kg7 19. Rf2 h5 20. Rbf1 b5 21. Be2 a5 22. Rf3 a4 23. Rg3 axb3 24. cxb3 Ra3 25. Qd1 h4 26. Rgf3 Rxa2 27. Rf4 Rfa8 28. Qe1 Ra1 29. Qxh4 g5 30. Qg3 Qxf4 0-1